00691nam a2200193Ia 4500952016400000999001700164003000400181005001700185008004100202020001800243040000900261082002200270100002600292245005700318260004100375300000900416650002200425942005000447 00102ddc40708BIOGRAPHIESaMESbMEScBIOGRAPHIESd2019-02-20g425.00l1m3o973.932092 MAR/Bp36738r2020-11-10 00:00:00s2020-02-13w2019-02-20yBKzGL35R4 c14649d14649OSt20201116131927.0190216s9999||||xx |||||||||||||| ||und|| a9781848872790 coclc a973.932092bMAR/B aMaraniss, David96620 4aBarack Obama The Making Of The Man /cDavid Maraniss bAtlantic Publishers,c2012.aLondon: a643p aEnglish-Biography cBK2ddch973.932092iMAR/Bk973.932092mMAR/B